Call Out My Name - The Weeknd Lyrics - Statistics

General Stats
  • This quiz has been taken 277 times
  • The average score is 299 of 339
Answer Stats
Hint Answer % Correct
I
100%
i
100%
(I
100%
I)
100%
out
99%
you
99%
You
99%
call
98%
(call
98%
Call
98%
my
98%
my)
98%
name
98%
name)
98%
name?
98%
so
97%
[Chorus] So
97%
a
96%
to
96%
when
95%
me
94%
[Verse 1] We
94%
on
92%
[Outro] On
92%
(On
92%
stay
92%
stay)
92%
want
92%
for
91%
gently
91%
of
90%
was
90%
But
89%
but
89%
put
89%
time
89%
top
89%
and
88%
And
88%
each
87%
mistake
87%
other
87%
were
87%
fall
86%
found
86%
kiss
86%
broken
84%
your
84%
be
82%
close
82%
comfort
82%
falling
82%
gave
82%
made
82%
times
82%
baby?)
81%
baby
81%
can't
81%
place
80%
just
79%
lied
79%
proud
79%
don't
78%
life
78%
myself
78%
rough
78%
'til
78%
Til
78%
til
78%
didn't
77%
Girl
77%
(girl
77%
girl
77%
piece
77%
said
77%
feel
76%
why
76%
(why
76%
nothing
75%
held
74%
mind
74%
sure
74%
another
73%
claimed
73%
openly
73%
wait?
73%
wait
73%
almost
72%
cut
72%
wasted
72%
i'll
71%
I'll
71%
love
71%
up
71%
Guess
70%
stop
70%
pit
69%
way
69%
helped
63%
though
62%
even
60%
[Pre-Chorus] You're
60%
babe
52%
Babe
52%
Won't
48%
loving?
33%
ooh
29%
(say
24%
No matching quizzes found
Score Distribution
Percent of People with Each Score
Percentile by Number Answered
Your Score History
You have not taken this quiz